Engineering mechanics : (Record no. 99386)

MARC details
000 -LEADER
fixed length control field 00739nam a22002297a 4500
005 - DATE AND TIME OF LATEST TRANSACTION
control field 20160406145252.0
010 ## - LCCN (DPL NO)
LC control number ENG-115041
020 ## - INTERNATIONAL STANDARD BOOK NUMBER
International Standard Book Number 9789339219178
Terms of availability 575.00
020 ## - INTERNATIONAL STANDARD BOOK NUMBER
International Standard Book Number 9339219171
Terms of availability 575.00
035 ## - SYSTEM CONTROL NUMBER
System control number EN-98573
037 ## - SOURCE OF ACQUISITION
Source of stock number/acquisition DBAD/PUB
082 ## - DEWEY DECIMAL CLASSIFICATION NUMBER
Classification number 620.1
100 ## - MAIN ENTRY--PERSONAL NAME
Personal name Dhiman, Anil Kumar
245 ## - TITLE STATEMENT
Title Engineering mechanics :
Statement of responsibility, etc by Anil Kumar Dhiman, Poonam Dhiman [and] Durgesh Kulshreshtha
Remainder of title statics and dynamics /
260 ## - PUBLICATION, DISTRIBUTION, ETC. (IMPRINT)
Place of publication, distribution, etc New Delhi
Name of publisher, distributor, etc McGraw Hill Education
Date of publication, distribution, etc 2015
270 ## - ADDRESS
Address P-24, Green Park Extension
City New Delhi
Postal code 110016
300 ## - PHYSICAL DESCRIPTION
Extent xxxi,780p. :
Dimensions 24cm(pbk)
Other physical details ill.
500 ## - GENERAL NOTE
General note Includes index
700 ## - ADDED ENTRY--PERSONAL NAME
Personal name Dhiman, Poonam
700 ## - ADDED ENTRY--PERSONAL NAME
Personal name Kulshrestha, Durgesh
942 ## - ADDED ENTRY ELEMENTS (KOHA)
Source of classification or shelving scheme Dewey Decimal Classification
Item type English Books
Call number suffix DHI
Classification part 620.1
Holdings
Withdrawn status Lost status Not for loan Collection code Home library Current library Date acquired Source of acquisition Cost, normal purchase price Full call number Barcode Copy number Cost, replacement price Koha item type
    Not For Loan Non-fiction D.B.Act.Division D.B.Act.Division 26/02/2016 DBAD/PUB 575.00 620.1 DHI EN-98573 1 575.00 English Books

© Delhi Public Library
Hit Counter
free hit counter